00888nam a22001217a 4500008004100000050002500041245024400066260004200310300002300352440005200375500002000427505031900447140917b xxu||||| |||| 00| 0 eng d aKFM2430.1958.A4(43A) aMassachusetts General Laws Annotated:bUnder arrangement of the offficial general laws of Massachusetts: Rules of civil procedure incorporating district/municipal courts rules of civil procedure and rules of domestic relations procedure. / aSt Paul:bWest Publishing Co.,c1978. axiii,609p.:c24cm. pMassachusetts general laws annotated.vvol.43A. aIncludes index. aContents: Rules of civil procedure: District/municipal courts rules of civil procedure -- Rules of domestic relations procedure -- Scope of rules-one form of action Commencement of action; service of process, pleadings motions and orders -- Pleadings and motions -- Parties -- Depositions and discovery -- Trials.